Random Math 12x12 Division Grid (30 Sums) (30 Seconds) - Statistics

General Stats
  • This quiz has been taken 482 times
  • The average score is 21 of 30
Answer Stats
Sum Answer % Correct
120÷12= 10
95%
24÷3= 8
94%
9÷1= 9
92%
110÷10= 11
91%
3÷3= 1
88%
18÷9= 2
88%
3÷1= 3
88%
55÷5= 11
86%
50÷10= 5
86%
66÷11= 6
86%
2÷2= 1
84%
12÷4= 3
84%
18÷6= 3
83%
32÷8= 4
83%
60÷12= 5
83%
88÷11= 8
83%
99÷9= 11
82%
22÷2= 11
82%
108÷12= 9
82%
36÷4= 9
82%
1÷1= 1
81%
9÷3= 3
81%
30÷6= 5
81%
32÷4= 8
81%
8÷1= 8
81%
90÷9= 10
80%
108÷9= 12
80%
14÷7= 2
80%
48÷8= 6
80%
70÷10= 7
80%
72÷8= 9
80%
11÷11= 1
79%
10÷10= 1
79%
120÷10= 12
79%
6÷1= 6
79%
16÷2= 8
79%
45÷5= 9
79%
24÷2= 12
78%
10÷2= 5
78%
42÷7= 6
78%
81÷9= 9
78%
77÷7= 11
77%
12÷6= 2
77%
4÷2= 2
77%
20÷4= 5
77%
21÷3= 7
77%
50÷5= 10
76%
121÷11= 11
76%
48÷4= 12
76%
8÷4= 2
76%
36÷9= 4
76%
12÷3= 4
76%
8÷2= 4
76%
5÷1= 5
76%
77÷11= 7
76%
7÷1= 7
76%
6÷6= 1
75%
88÷8= 11
75%
36÷12= 3
75%
55÷11= 5
75%
96÷12= 8
75%
7÷7= 1
74%
20÷5= 4
74%
72÷6= 12
73%
24÷12= 2
73%
20÷10= 2
73%
2÷1= 2
73%
30÷10= 3
73%
21÷7= 3
73%
16÷4= 4
73%
40÷8= 5
73%
14÷2= 7
73%
9÷9= 1
72%
36÷3= 12
72%
44÷4= 11
71%
4÷1= 4
71%
25÷5= 5
71%
80÷10= 8
71%
54÷6= 9
71%
33÷11= 3
70%
36÷6= 6
70%
99÷11= 9
70%
18÷2= 9
70%
27÷9= 3
69%
12÷12= 1
68%
80÷8= 10
68%
60÷6= 10
68%
11÷1= 11
68%
22÷11= 2
68%
16÷8= 2
68%
28÷7= 4
68%
35÷7= 5
68%
90÷10= 9
68%
70÷7= 10
67%
40÷4= 10
67%
96÷8= 12
67%
60÷5= 12
67%
60÷10= 6
67%
27÷3= 9
67%
33÷3= 11
65%
72÷12= 6
65%
72÷9= 8
65%
8÷8= 1
64%
45÷9= 5
64%
20÷2= 10
63%
28÷4= 7
63%
56÷7= 8
63%
15÷5= 3
62%
48÷6= 8
62%
132÷11= 12
61%
6÷2= 3
61%
44÷11= 4
61%
24÷4= 6
61%
12÷2= 6
61%
56÷8= 7
61%
84÷7= 12
60%
48÷12= 4
60%
18÷3= 6
60%
49÷7= 7
60%
35÷5= 7
60%
4÷4= 1
59%
144÷12= 12
59%
12÷1= 12
59%
84÷12= 7
59%
63÷7= 9
59%
66÷6= 11
58%
40÷10= 4
58%
6÷3= 2
57%
110÷11= 10
56%
24÷6= 4
56%
10÷1= 10
55%
15÷3= 5
55%
30÷5= 6
55%
40÷5= 8
55%
54÷9= 6
54%
100÷10= 10
53%
24÷8= 3
53%
42÷6= 7
52%
64÷8= 8
52%
30÷3= 10
50%
10÷5= 2
50%
63÷9= 7
50%
132÷12= 11
46%
5÷5= 1
42%
No matching quizzes found
Score Distribution
Percent of People with Each Score
Percentile by Number Answered
Your Score History
You have not taken this quiz